000 00502nam a2200181Ia 4500
008 100920s9999 xx 000 0 und d
082 _b52546
_a28 व 7 थ 83
100 _a---
245 _aA HANDFUL OF STARS.
260 _bRaduga Publishers, Moscow.
_c1983
300 _a161
_bसाधी
365 _b12.5
520 _aबा.वि.स्टोरी.
630 _aA HANDFUL OF STARS.
650 _aबा.वि.स्टोरी.
730 _aA HANDFUL OF STARS.
942 _cBOOK
999 _c697873
_d697870